000 00608nam a2200193 i 4500
001 142564
003 ES-MaACL
005 20250907063113.0
007 t|
008 071008s1967 sp ||||1| cat d
100 1 _aVillalonga, Llorenç,
_d1897-1980
_9114975
245 1 0 _aFalses memóries de Salvador Orlan
_b: novel-la /
_cLorenzo Villalonga.
260 _aBarcelona :
_bClub Editor,
_c1967.
300 _a239 p. ;
_c18 cm.
490 1 _aClub dels novel-listes ;
_v41
830 0 _aClub dels novel-listes ;
_v41
_9181515
852 _aES-MaACL
_jC-50278
_bR.71651
999 _c142564
_d142564